Past Bosnias - Statistics

General Stats
  • This quiz has been taken 10 times
  • The average score is 4 of 15
Answer Stats
Hint Answer % Correct
800/900-1154 Bosnia
100%
1918-1922 Bosnia and Herzegovina
100%
1992-Present Bosnia and Herzegovina
100%
1377-1463 Kingdom of Bosnia
33%
1154-1377 Banate of Bosnia
22%
1867-1878 Bosnia Vilayet
11%
1878-1918 Condominium of Bosnia and Herzegovina
11%
1463-1878 Sanjak of Bosnia
11%
1963-1992 Socialist Republic of Bosnia and Herzegovina
11%
1943-1945 Democratic Bosnia and Herzegovina
0%
1580-1867 Eyalet of Bosnia
0%
1945-1946 Federal State of Bosnia and Herzegovina
0%
1946-1963 People's Republic of Bosnia and Herzegovina
0%
1922-1929 Sarajevo Oblast
0%
1929-1941 Vrbas Banovina
0%
No matching quizzes found
Score Distribution
Percent of People with Each Score
Percentile by Number Answered
Your Score History
You have not taken this quiz